Learning to Teach Religious Education in the Secondary School (Record no. 12131)

MARC details
000 -LEADER
fixed length control field 00597nam a2200217 a 4500
001 - CONTROL NUMBER
control field 0001-2131
003 - CONTROL NUMBER IDENTIFIER
control field ELIB.Books
008 - FIXED-LENGTH DATA ELEMENTS--GENERAL INFORMATION
fixed length control field 190724 2010 eng
020 ## - INTERNATIONAL STANDARD BOOK NUMBER
International Standard Book Number 0203976320
092 ## - LOCALLY ASSIGNED DEWEY CALL NUMBER (OCLC)
Classification number 268
Item number Wri
100 ## - MAIN ENTRY--PERSONAL NAME
Personal name Wright, Andrew.
245 ## - TITLE STATEMENT
Title Learning to Teach Religious Education in the Secondary School
260 ## - PUBLICATION, DISTRIBUTION, ETC. (IMPRINT)
Place of publication, distribution, etc. London & New York
Name of publisher, distributor, etc. Routledge Falmer
Date of publication, distribution, etc. 2000
300 ## - PHYSICAL DESCRIPTION
Extent 263
Dimensions 23cm
650 ## - SUBJECT ADDED ENTRY--TOPICAL TERM
Topical term or geographic name as entry element Christian Education
856 ## - ELECTRONIC LOCATION AND ACCESS
Name of location of host KBTS Library
Uniform Resource Identifier <a href="KBTS Elib">KBTS Elib</a>
942 ## - ADDED ENTRY ELEMENTS (KOHA)
Source of classification or shelving scheme Dewey Decimal Classification
Koha item type Books
990 ## - EQUIVALENCES OR CROSS-REFERENCES [LOCAL, CANADA]
Link information for 9XX fields 1
998 ## - LOCAL CONTROL INFORMATION (RLIN)
-- Englishbooks.elf
Cataloger's initials, CIN (RLIN) cat
-- 2019-07-24
Holdings
Withdrawn status Lost status Source of classification or shelving scheme Damaged status Not for loan Home library Current library Date acquired Total Checkouts Barcode Date last seen Bill Date Koha item type
    Dewey Decimal Classification     Karen Baptist Theological Seminary Library Karen Baptist Theological Seminary Library 24/07/2019   16379 22/01/2022 22/01/2022 Books
Implemented & Customized by: BestBookBuddies

Powered by Koha